| 000 | 00681nas a22002057a 4500 | ||
|---|---|---|---|
| 005 | 20260528134519.0 | ||
| 008 | 260528b20072016porar|p| ||||s10| z|por d | ||
| 040 | _cBR-ViAPE | ||
| 245 | _aRevista Inoves | ||
| 260 |
_aVitória _bGoverno do Estado do Espírito Santo _c2007-2016 |
||
| 300 |
_av. _bil. |
||
| 310 | _aAnual | ||
| 362 | _aAno 3, n. 3 (2007) - ano 12, n. 12 (2016). | ||
| 500 | _aColeção incompleta: disponíveis apenas alguns números do periódico. | ||
| 650 |
_aPrêmio _xProjeto _xGestão _xPública _zEspírito Santo |
||
| 651 |
_aEspírito Santo (Brasil) _vPeriódicos |
||
| 710 | _aGoverno do Estado do Espírito Santo | ||
| 942 |
_2ddc _cPER _n1 |
||
| 999 |
_c728 _d728 |
||